000 00549nam a2200217Ia 4500
008 210210b2019 xxu||||| |||| 00| 0 eng d
020 _a9789386482907
041 _aeng
082 _a658.15 KIST
100 _aKISHORE (Ravi M)
245 _aTaxmanns strategic financial management Ed 3
250 _a
260 _aNew Delhi
_bTaxmann Publications (P.) Ltd
_c2019
300 _ax,963
650 _aTaxmanns
650 _astrategic
650 _amanagement
650 _afinancial
690 _aFinancial Management
906 _a073176
999 _c122999
_d122999